000 01318cam a2200349 a 4500
001 15533918
003 OSt
005 20140310182746.0
008 081124s2010 maua b 001 0 eng
010 _a 2008050182
020 _a9780071220255
020 _a9780071220262
035 _a(OCoLC)ocn244765074
035 _a(OCoLC)244765074
040 _aDLC
_cDLC
_dBTCTA
_dC#P
_dOCLCQ
_dBWX
_dDLC
050 0 0 _aHF 1017
_b.B6554 2010
245 0 0 _aEssentials of business statistics /
_cBruce L. Bowerman ... [et al.].
250 _a3rd ed.
260 _aBoston :
_bMcGraw-Hill/Irwin,
_c2010.
300 _axxiv, 670 p. :
_bcol. ill. ;
_c29 cm. +
_e1 CD-ROM (4 3/4 in.).
490 1 _aThe McGraw-Hill/Irwin series : operations and decision sciences
504 _aIncludes bibliographical references (p. 662-663) and indexes.
521 _aBSBA
562 _eFor Circulation. 1 Copy Available in the Collection
650 0 _aCommercial statistics.
700 1 _aBowerman, Bruce L.
830 0 _aMcGraw-Hill/Irwin series operations and decision sciences.
906 _a7
_bcbc
_corignew
_d1
_eecip
_f20
_gy-gencatlg
942 _2lcc
_cBK
_kFOR
999 _c15661
_d15661